000 00522nam a2200169Ia 4500
003 IN-BaIIA
008 211028s9999 xx 000 0 eng d
040 _cIIA Library
080 _a621.38
_bELE
245 0 _aElectronics
_band their application in industry and research
_cedited by Bernard Lovell
260 _aLondon
_bChapman and Hall
_c1951
300 _axvi, 660p.
650 _aElectronics
_91576
650 _aNASA thesaurus
700 _aLovell, Bernard., ed.
_92218
942 _cBK
999 _c1026
_d1026